Reglament del Servei d'Arxiu Municipal
Publicado:
Barcelona :
Diputació de Barcelona. Àrea de Cultura. Oficina de Patrimoni Cultural ,
2010
Descripción Física:
25 p. ; 21 cm
MARC
| LEADER | 00000nam a2200000Ia 4500 | ||
|---|---|---|---|
| 001 | 22896 | ||
| 008 | 160829s2010 xx 000 0 cat d | ||
| 080 | |a FU-56-58 | ||
| 245 | |a Reglament del Servei d'Arxiu Municipal | ||
| 260 | |a Barcelona : |b Diputació de Barcelona. Àrea de Cultura. Oficina de Patrimoni Cultural, |c 2010 | ||
| 300 | |a 25 p. ; |c 21 cm | ||
| 650 | |a Arxius municipals |x Reglaments i procediment |9 39656 | ||
| 710 | 1 | |a Barcelona (Catalunya : Província). |b Oficina de Patrimoni Cultural |9 52675 | |
| 901 | |a Arxiu | ||
| 942 | |n 1 | ||
| 952 | |0 0 |1 0 |4 0 |6 FU5658 |7 1 |9 51678 |a Arxiu |b Arxiu |d 2016-12-01 |l 0 |o FU-56-58 |p 22896 |r 2016-12-01 00:00:00 |w 2016-12-01 |y ARXIU | ||
| 999 | |c 55523 |d 55523 | ||